| 000 | 00344nam a22001457a 4500 | ||
|---|---|---|---|
| 020 | _qPB. | ||
| 040 | _cFIZZA ISHAQ | ||
| 082 |
_a304.2 _bCAR |
||
| 100 |
_aMONTGOMERY, CARLA. _989525 |
||
| 245 |
_aENVIRONMENTAL GEOLOGY / _cCARLA MONTGOMERY. |
||
| 250 | _a10th ED. | ||
| 260 |
_bMC GRAW HILL, _c2014. |
||
| 300 | _a588 P. ; | ||
| 942 |
_2ddc _cBK |
||
| 999 |
_c588232 _d588232 |
||